000 00378cam a22001097a 4500
008 180718b1965 xxu||||| |||| 00| 0 eng d
082 _aI5x73 Un3/1965
245 _aProgress in management improvement: report
_cby Treasury Department. United States
260 _aWashington
_bUnited States Treasury Department
_c1965
300 _a31+p
700 _aUnited States. Treasury Department
999 _c491101
_d491101